All of John Cena's Farewell Tour opponents - Statistics

General Stats
  • This quiz has been taken 144 times
    95 since last reset
  • The average score is 24 of 26
Answer Stats
Hint Answer % Correct
Elimination Chamber 2025 CM Punk
100%
Night Of Champions 2025 CM Punk
100%
WrestleMania 41 (Night 2) Cody Rhodes
100%
Money in the Bank 2025 Cody Rhodes
100%
Summerslam Sunday 2025 Cody Rhodes
100%
Royal Rumble 2025 (Name the Winner) Jey Uso
100%
Money in the Bank 2025 Jey Uso
100%
SNME - John Cena's Final Match Gunther
99%
Elimination Chamber 2025 Logan Paul
99%
SmackDown - Aug 8, 2025 Logan Paul
99%
Clash In Paris 2025 Logan Paul
99%
Backlash 2025 Randy Orton
99%
Wrestlepalooza 2025 Brock Lesnar
97%
Elimination Chamber 2025 Seth Rollins
97%
Crown Jewel Perth 2025 AJ Styles
96%
Raw - Nov 10, 2025 Dominik Mysterio
87%
Raw - Nov 17, 2025 Dominik Mysterio
87%
Survivor Series: WarGames 2025 Dominik Mysterio
87%
Elimination Chamber 2025 Drew McIntyre
87%
SmackDown - Aug 8, 2025 Drew McIntyre
87%
SNME - May 24, 2025 R-Truth
87%
SmackDown - Jun 20, 2025 R- Truth
87%
SmackDown - Sep 5, 2025 Sami Zayn
78%
Raw - Nov 17, 2025 Finn Balor
76%
Elimination Chamber 2025 Damian Priest
72%
Raw - Nov 17, 2025 JD McDonagh
59%
No matching quizzes found
Score Distribution
Percent of People with Each Score
Percentile by Number Answered
Your Score History
You have not taken this quiz since the last reset